Оказание медицинской помощи пострадавшим в дорожно-транспортных происшествиях с применением вертолетной авиации [Текст] (Запись № 1582717)

Подробности
000 -МАРКЕР
контрольное поле 03369nam0a2200505 4500
001 - ИДЕНТИФИКАТОР ЗАПИСИ
контрольное поле RU\NLR\bibl\1469196
005 - ИДЕНТИФИКАТОР ВЕРСИИ
контрольное поле 20260407214607.0
010 ## - МЕЖДУНАРОДНЫЙ СТАНДАРТНЫЙ НОМЕР КНИГИ (ISBN)
Номер (ISBN) 5-93064-137-4
Тираж 200
021 ## - НОМЕР ГОСУДАРСТВЕННОЙ РЕГИСТРАЦИИ
Код страны Российская Федерация
Номер 2009-100030
Номер Листа государственной регистраци 6357
035 ## - ДРУГИЕ СИСТЕМНЫЕ НОМЕРА
Идентификатор записи (NLR Aleph) 001460907
100 ## - ДАННЫЕ ОБЩЕЙ ОБРАБОТКИ
Данные общей обработки 20100112d2009 |||y0rusy50 ca
101 0# - ЯЗЫК РЕСУРСА
Язык текста, звукозаписи и т.д. русский
102 ## - СТРАНА ПУБЛИКАЦИИ ИЛИ ПРОИЗВОДСТВА
Страна публикации Российская Федерация
105 ## - ПОЛЕ КОДИРОВАННЫХ ДАННЫХ: ТЕКСТОВЫЕ МАТЕРИАЛЫ, МОНОГРАФИЧЕСКИЕ
Кодированные данные о монографическом текстовом документе y dm |||||
200 1# - ЗАГЛАВИЕ И СВЕДЕНИЯ ОБ ОТВЕТСТВЕННОСТИ
Основное заглавие Оказание медицинской помощи пострадавшим в дорожно-транспортных происшествиях с применением вертолетной авиации [Текст]
Сведения, относящиеся к заглавию сборник материалов однодневного методического семинара Москва, 22 октября 2009 г.
210 ## - ПУБЛИКАЦИЯ, РАСПРОСТРАНЕНИЕ И ДР.
Место издания, распространения и т.д. Москва
Имя издателя, распространителя и т. д. Всероссийский центр медицины катастроф "Защита"
Дата издания, распространения и т.д. 2009
215 ## - ФИЗИЧЕСКАЯ ХАРАКТЕРИСТИКА
Специфическое обозначение материала и объем 159 с.
Размеры 20
300 ## - ОБЩИЕ ПРИМЕЧАНИЯ
Текст примечания В надзаг.: М-во здравоохранения и соц. развития Рос. Федерации, Федер. гос. учреждение "Всерос. центр медицины катастроф "Защита"
320 ## - ПРИМЕЧАНИЯ О НАЛИЧИИ В ДОКУМЕНТЕ БИБЛИОГРАФИИ / УКАЗАТЕЛЯ
Текст примечания Библиогр.: с. 147-155
606 1# - НАИМЕНОВАНИЕ ТЕМЫ КАК ПРЕДМЕТ
Наименование темы НЕСЧАСТНЫЕ СЛУЧАИ ТРАНСПОРТНЫЕ
Географический подзаголовок Москва
Формальный подзаголовок конгрессы
Код системы rus_mesh
Идентификатор авторитетной/нормативной записи R139
606 1# - НАИМЕНОВАНИЕ ТЕМЫ КАК ПРЕДМЕТ
Наименование темы ACCIDENTS, TRAFFIC
Код системы rus_mesh
Идентификатор авторитетной/нормативной записи E139
606 1# - НАИМЕНОВАНИЕ ТЕМЫ КАК ПРЕДМЕТ
Наименование темы ВОЗДУШНО-ТРАНСПОРТНЫЕ САНИТАРНЫЕ СРЕДСТВА
Тематический подзаголовок организация и управление
Географический подзаголовок Москва
Формальный подзаголовок конгрессы
Код системы rus_mesh
Идентификатор авторитетной/нормативной записи R35128-6.1
606 1# - НАИМЕНОВАНИЕ ТЕМЫ КАК ПРЕДМЕТ
Наименование темы AIR AMBULANCES
Тематический подзаголовок organization and administration
Код системы rus_mesh
Идентификатор авторитетной/нормативной записи E35128-6.1
606 1# - НАИМЕНОВАНИЕ ТЕМЫ КАК ПРЕДМЕТ
Наименование темы МЕДИЦИНА КАТАСТРОФ
Тематический подзаголовок организация и управление
Географический подзаголовок Москва
Формальный подзаголовок конгрессы
Код системы rus_mesh
Идентификатор авторитетной/нормативной записи R57730-8.1
606 1# - НАИМЕНОВАНИЕ ТЕМЫ КАК ПРЕДМЕТ
Наименование темы DISASTER MEDICINE
Тематический подзаголовок organization and administration
Код системы rus_mesh
Идентификатор авторитетной/нормативной записи E57730-8.1
606 1# - НАИМЕНОВАНИЕ ТЕМЫ КАК ПРЕДМЕТ
Наименование темы Травмы дорожно-транспортные
Формальный подзаголовок Сборники
Тематический подзаголовок Медицинская помощь
-- Использование вертолетов
Системный номер авторитетной/нормативной записи 2543765
Идентификатор авторитетной/нормативной записи RU\NLR\auth\661505729
686 ## - ИНДЕКСЫ ДРУГИХ КЛАССИФИКАЦИЙ
Индекс 81.93.23
Код системы
686 ## - ИНДЕКСЫ ДРУГИХ КЛАССИФИКАЦИЙ
Индекс 76.01.13
Код системы
686 ## - ИНДЕКСЫ ДРУГИХ КЛАССИФИКАЦИЙ
Индекс N06.850.135.392
Издание 2009
Код системы
686 ## - ИНДЕКСЫ ДРУГИХ КЛАССИФИКАЦИЙ
Индекс J01.937.285.100.100 - организация и управление
Издание 2009
Код системы
686 ## - ИНДЕКСЫ ДРУГИХ КЛАССИФИКАЦИЙ
Индекс N02.421.297.879.100.100 - организация и управление
Издание 2009
Код системы
686 ## - ИНДЕКСЫ ДРУГИХ КЛАССИФИКАЦИЙ
Индекс J01.937.285.100.100 - organization and administration
Издание 2009
Код системы
686 ## - ИНДЕКСЫ ДРУГИХ КЛАССИФИКАЦИЙ
Индекс N02.421.297.879.100.100 - organization and administration
Издание 2009
Код системы
686 ## - ИНДЕКСЫ ДРУГИХ КЛАССИФИКАЦИЙ
Индекс H02.403.230 - организация и управление
Издание 2009
Код системы
686 ## - ИНДЕКСЫ ДРУГИХ КЛАССИФИКАЦИЙ
Индекс H02.403.230 - organization and administration
Издание 2009
Код системы
686 ## - ИНДЕКСЫ ДРУГИХ КЛАССИФИКАЦИЙ
Индекс Р11(2)23я43
711 12 - НАИМЕНОВАНИЕ ОРГАНИЗАЦИИ - АЛЬТЕРНАТИВНАЯ ОТВЕТСТВЕННОСТЬ
Начальный элемент ввода "Оказание медицинской помощи пострадавшим в дорожно-транспортных происшествиях с применением вертолетной авиации", методический семинар
Дата проведения временной организации 2009
Место проведения временной организации Москва
Идентификатор авторитетной/нормативной записи RU\NLR\AUTH\8810144335
Системный номер авторитетной/нормативной записи 783136
801 #0 - ИСТОЧНИК ЗАПИСИ
Страна Российская Федерация
Организация ЦНМБ
Дата составления 20100112
Правила каталогизации PSBO
801 #1 - ИСТОЧНИК ЗАПИСИ
Страна Российская Федерация
Организация ЦНМБ
Дата составления 20100112
801 #2 - ИСТОЧНИК ЗАПИСИ
Страна Российская Федерация
Организация ЦНМБ
Дата составления 20100128
801 #2 - ИСТОЧНИК ЗАПИСИ
Страна Российская Федерация
Организация NLR
Дата составления 20100204
Правила каталогизации rcr
942 ## - ДОПОЛНИТЕЛЬНЫЕ ЭЛЕМЕНТЫ ЗАПИСИ (АБИС)
Тип экземпляра АБИС Книга
980 ## - КОЛЛЕКЦИЯ
Название коллекции Национальная библиография
Экземпляры
Тип экземпляра Дата поступления Источник поступления Библиотека постоянного хранения Библиотека текущего хранения Место хранения Шифр хранения Штрих-код Статус экземпляра
Книга 04.02.2010 Обязательный экземпляр РНБ (Московский) РНБ (Московский) Русский книжный фонд: издания с 1957 года 2010-3/3025 1-3059426  
Книга 04.02.2010 Обязательный экземпляр РНБ (Московский) РНБ (Московский) Русский книжный фонд: издания с 1957 года 2010-3/3025 3095455